000 00512nam a2200169 i 4500
001 28952
003 ES-MaACL
005 20230906153945.0
007 t|
008 030120s1972 sp ||||1| spa d
100 1 _aBalthasar, Hans Urs von.
_925129
245 1 3 _aEl cristianismo es un don /
_cHans Urs von Balthasar ; [traducción por J. L. Albizu].
260 _aBarcelona :
_bPaulinas,
_c[1972]
300 _a277 p. ;
_c19 cm.
700 1 _aAlbizu, José Luis.
_919396
852 _aES-MaACL
_jC-48599
_bR.85160
999 _c28952
_d28952